Quel artisan utilise cet outil ? - Statistiques

Statistiques générales
  • Ce quiz a été pris 109 fois
  • Le résultat moyen est 19 sur 38
Statistiques - réponses
Hint Réponse % Correct
Truelle Maçon
84%
Marteau d'électricien Electricien
77%
Pince à dénuder Electricien
75%
Ciseau à bois Menuisier
75%
Vérificateur d'absence de tension Electricien
74%
Taloche Maçon
73%
Tournevis isolé Electricien
71%
Rabot Menuisier
70%
Coupe-tube Plombier
69%
Pince ampéremétrique Electricien
68%
Clé en croix Mécanicien
68%
Chalumeau Plombier
64%
Fil à plomb Maçon
60%
Ventouse Plombier
60%
Taillant Tailleur de pierre
60%
Cordeau Maçon
58%
Arrache-rotule Mécanicien
58%
Clé serre-tube Plombier
55%
Multimètre Electricien
52%
Pince à cintrer Plombier
52%
Extracteur de goujon Mécanicien
51%
Boîte à onglet Menuisier
49%
Furet Plombier
49%
Auge Maçon
48%
Burin Maçon
43%
Polka Tailleur de pierre
40%
Trusquin Menuisier
38%
Mètre pliant Menuisier
38%
Corde à noeuds Maçon
36%
Tyrolienne Maçon
36%
Têtu Tailleur de pierre
36%
Maillet Menuisier
32%
Chemin de fer Tailleur de pierre
29%
Louve Tailleur de pierre
25%
Gradine Tailleur de pierre
23%
Spudger Mécanicien
17%
Villebrequin Menuisier
12%
Equerre à chapeau Mécanicien
5%
Aucun quiz correspondant
Distribution des résultats
% des personnes avec chaque résultat
Percentile par nombre de réponses
Votre historique - résultats
Vous n’avez pas pris ce quiz